Générique Princesse Saphir - Paroles - Statistiques

Statistiques générales
  • Ce quiz a été pris 7 fois
  • Le résultat moyen est 26 sur 32
Statistiques - réponses
Paroles % Correct
Mais nous seuls connaissons ton {nom}
100%
Pour le meilleur et pour le {pire}
100%
Princesse {Saphir}
100%
Princesse {Saphir}
100%
Tu te fais passer pour un {garçon}
100%
Alors ton père a {décidé}
86%
Mais nous seuls connaissons ton {nom}
86%
Mais nous seuls connaissons ton {nom}
86%
Pour le meilleur et pour le {pire}
86%
Pour le meilleur et pour le {pire}
86%
Princesse {Saphir}
86%
Princesse {Saphir}
86%
Princesse {Saphir}
86%
Princesse {Saphir}
86%
Princesse {Saphir}
86%
Princesse {Saphir}
86%
Princesse {Saphir}
86%
Tu es notre {petit} Prince
86%
Tu es notre {petit} Prince
86%
Tu es notre {petit} Prince
86%
Tu te fais passer pour un {garçon}
86%
Tu te fais passer pour un {garçon}
86%
Mais tu es née {Princesse}
71%
Mais tu es née {Princesse}
71%
Mais tu es née {Princesse}
71%
Quand tu es née dans ce {royaume}
71%
Que tu serais l'{héritier}
71%
Pour préserver l'amour et la {paix}
57%
Tu as des {habits} de Prince
57%
Tu as des {habits} de Prince
57%
Tu as des {habits} de Prince
57%
Un Prince pouvait seul {régner}
57%
Aucun quiz correspondant
Distribution des résultats
% des personnes avec chaque résultat
Percentile par nombre de réponses
Votre historique - résultats
Vous n’avez pas pris ce quiz